Rozptýlené osídlenie - tradičná súčasť nášho vidieka

Rozptýlené osídlenie je významným druhom slovenskej sídelnej sústavy. Hlavné oblasti rozptýleného osídlenia na Slovensku. Myjavsko-bielokarpatská oblasť. Beskydská oblasť. Belianske kopanice v Strážovských vrchoch. Novobanské štále. Krupinsko-detviansko-rudohorská oblasť. Vedľajšie oblasti a ostrovy...

Description complète

Enregistré dans:
Détails bibliographiques
Auteur principal: Thurzo, I.
Format: Chapitre de livre
Langue:slovaque
Sujets:
Tags: Ajouter un tag
Pas de tags, Soyez le premier à ajouter un tag!

MARC

LEADER 00000naa a2200000 4500
001 r027145
005 20230921124328.4
041 0 |a slo 
044 |a SK 
245 1 0 |a Rozptýlené osídlenie - tradičná súčasť nášho vidieka  |c I. Thurzo 
520 |a Rozptýlené osídlenie je významným druhom slovenskej sídelnej sústavy. Hlavné oblasti rozptýleného osídlenia na Slovensku. Myjavsko-bielokarpatská oblasť. Beskydská oblasť. Belianske kopanice v Strážovských vrchoch. Novobanské štále. Krupinsko-detviansko-rudohorská oblasť. Vedľajšie oblasti a ostrovy rozptýleného osídlenia. 
610 2 0 |a osídlenie 
610 2 0 |a Slovensko 
610 2 0 |a vidiek 
610 2 0 |a Kopanice 
610 2 0 |a obce 
610 2 0 |a história 
610 2 0 |a regióny 
100 1 |a Thurzo, I.